00461nam a22001817a 4500003000400000005001700004008004100021020001800062082001500080100001600095245004400111260002900155300001000184650003100194700001800225700002000243700001600263OSt20260421143118.0260421b |||||||| |||| 00| 0 eng d a9789360872441 a610.28 GUT aGULIA, Ritu aText Book of Pharmaceutical Engineering aBilaspurbShashwatc2025 ax,268 aPharmaceutical Engineering aChauhan, Naha aSandhu & Sharma aMukesh Rani